Normal view
MARC view
- ISLAM-BIOGRAPHY PROPHET MUHAMMAD.MUKAMEE MUHAMMAD (PBUH) QURAN HAKEEM KEY AYNEE MAY
Entry Topical Term
001 - CONTROL NUMBER
- control field: 66191
003 - CONTROL NUMBER IDENTIFIER
- control field: NUST
005 - DATE AND TIME OF LATEST TRANSACTION
- control field: 20210628203541.0
008 - FIXED-LENGTH DATA ELEMENTS
- fixed length control field: 210628|| aca||aabn | a|a d
040 ## - CATALOGING SOURCE
- Original cataloging agency: NUST
- Transcribing agency: NUST
150 ## - HEADING--TOPICAL TERM
- Topical term or geographic name entry element: ISLAM-BIOGRAPHY PROPHET MUHAMMAD.MUKAMEE MUHAMMAD (PBUH) QURAN HAKEEM KEY AYNEE MAY
670 ## - SOURCE DATA FOUND
- Source citation: Work cat.: (NUST): Syed Aziz Ur Rehman, Syed Muhammad Abu Ul Khair Kashfi. Dr 66190, Mukamee muhammad peace be opun him, quran hakeem key aynee may, 2005
